Sistemas de ventanas como elemento de cerramiento no estructural en edificaciones superiores a los dos pisos
Сохранить в:
| Главный автор: | |
|---|---|
| Формат: | |
| Язык: | Spanish |
| Опубликовано: |
San José, [Costa Rica]
2012
|
| Предметы: | |
| Метки: |
Добавить метку
Нет меток, Требуется 1-ая метка записи!
|
MARC
| LEADER | 00000nam a22000007a 4500 | ||
|---|---|---|---|
| 003 | 010890 | ||
| 005 | 20221231143922.0 | ||
| 008 | 151022b2012 cr a|||| |||| 00| 0 spa d | ||
| 040 | |c cru CEDI | ||
| 090 | |a TFG 6712 | ||
| 100 | |9 1690 |a Ramírez Bianchini, Fabio | ||
| 245 | |a Sistemas de ventanas como elemento de cerramiento no estructural en edificaciones superiores a los dos pisos | ||
| 260 | |a San José, [Costa Rica] |c 2012 | ||
| 500 | |a Proyecto de graduación (licenciatura en ingeniería civil)--Universidad de Costa Rica. Facultad de Ingeniería. Escuela de Ingeniería Civil | ||
| 650 | |x EDIFICIOS - CONSTRUCCION - COSTA RICA |x VIDRIO - ESPECIFICACIONES - GUIAS |x MUROS DE CERRAMIENTO |x CONSTRUCCIONES DE VIDRIO - COSTA RICA |x MATERIALES DE CONSTRUCCION |x VIDRIO |9 1691 | ||
| 942 | |c TFG | ||
| 999 | |c 14232 |d 14232 | ||
